Inauguraciones en San Vicente de Montalt
Publicado:
San Jorge, núm. 82 (2n trimestre 1971), pàg 52 :
Materias:
Habitatges -- Sant Vicenç de Montalt
MARC
| LEADER | 00000nam a2200000Ia 4500 | ||
|---|---|---|---|
| 001 | |||
| 008 | 160829s9999 xx 000 0 cat d | ||
| 245 | |a Inauguraciones en San Vicente de Montalt | ||
| 260 | |a San Jorge, núm. 82 (2n trimestre 1971), pàg 52 | ||
| 650 | |a Habitatges |x Sant Vicenç de Montalt |9 42517 | ||
| 901 | |a Arxiu | ||
| 942 | |n 1 | ||
| 952 | |0 0 |1 0 |4 0 |7 1 |9 50881 |a Arxiu |b Arxiu |d 2016-12-01 |l 0 |r 2016-12-01 00:00:00 |w 2016-12-01 |y ARXIU | ||
| 999 | |c 54723 |d 54723 | ||